El lobo estepario /

Guardado en:
Autor Principal: Hesse, Hermann
Formato: Libro
Publicado: Buenos Aires : Santiago Rueda, 1967
Edición:4a. ed.
Materias:
Etiquetas: Agregar Etiqueta
Sin Etiquetas, Sea el primero en etiquetar este registro!
LEADER 00551nam a22002055a 4500
001 CEM.cems017967
005 20130315093238.0
008 130507s1967##################000#0#####d
003 CEMS
082 0 4 |a 833.9 
100 1 |a Hesse, Hermann 
245 1 0 |a El lobo estepario /  |c Hermann Hesse 
250 |a 4a. ed. 
260 |a Buenos Aires :  |b Santiago Rueda,  |c 1967 
300 |a 216 p. 
653 |a Literatura 
653 |a Literatura alemana 
653 |a Novela alemana 
653 |a Novelas 
859 |a CEMS  |b BIB. CEMS - Agricultura  |h 833.9  |i H463a4  |p A1797.13  |t Ej.1